| 000 | 01251nam a2200265Ia 4500 | ||
|---|---|---|---|
| 999 |
_c55885 _d55885 |
||
| 001 | 22983 | ||
| 003 | GE_BSU | ||
| 005 | 20230614145708.0 | ||
| 008 | 181216s ||||ge |||||||||||||| ||geo|| | ||
| 020 | _a999289489X | ||
| 040 | _cGE_BSU | ||
| 041 | _ageo | ||
| 080 | _a821.353.1.09-141 ს-92 | ||
| 100 |
_aსულავა, ნესტან _94746 |
||
| 245 |
_aXII-XIII საუკუნეების ქართული ჰიმნოგრაფია / _cნესტან სულავა ; რედ. ლევან მენაბდე. |
||
| 264 |
_aთბილისი : _bმერანი, _c2003. |
||
| 300 |
_a348 გვ. ; _c26 სმ. |
||
| 500 | _aსაძიებელი : გვ. 343-347 | ||
| 541 | _h15 ლ. | ||
| 653 | _aXII-XIII საუკუნეების ქართული ჰიმნოგრაფია | ||
| 653 | _aქართული ჰიმნოგრაფია | ||
| 700 |
_aმენაბდე, ლევან _eრედაქტორი _918701 |
||
| 710 |
_aსაქრთელოს მეცნირებათა აკადემია _bქართული ლიტერატურის ინსტიტუტი _918702 |
||
| 942 |
_cBK _2udc |
||